000 00950cab a2200277 4500
001 WB3113-01
008 090401t1995 xxu||||| |||| 00| 0 eng d
035 _a(Sirsi) u40992
041 _aeng
245 _aAsbestos danger
260 _c1995
350 _a0
490 _aGlasgow Herald
_v24 March 1995, 2(1)
520 _a306 properties in East Kilbride are found to contain blue asbestos. Residents are considering legal action against the development corporation following their refusal to accept liability or pay for asbestos removal.
650 _aASBESTOS REMOVAL
650 _aMANAGEMENT-HEALTH AND SAFETY-HAZARDOUS SUBSTANCES-ASBESTOS
650 _aASBESTOSIS
650 _aDANGEROUS SUBSTANCES
650 _aEAST KILBRIDE
650 _aHEALTH AND SAFETY
_96244
650 _aHEALTH HAZARDS
650 _aRESIDENTIAL PROPERTY
_96266
690 _aBUILT ENVIRONMENT-BUILDING PATHOLOGY
942 _n0
948 _c04/03/1997
999 _c26302
_d26302